000 01109nam a22002897a 4500
003 BD-DhSAU
005 20181206151324.0
008 161006b2016 bg ad||| |||| 00| 0 eng d
040 _aBD-DhSAU
082 _222
_a630
_bF147
100 _aFaijunnahar , Most.
_4Registration No:15-06968
245 _aPolyethyleneglycol (Peg) induce changes in Germination, Seedling growth and water relation behaviour of Wheat under Salt stress condition /
_cFaijunnahar , Most.
_bMs Thesis
260 _aDhaka : Sher- e- Bangla Agricultural University :
_bDepartment of Agronomy ,
_c2016
300 _axi, 95 p. :
_bill. ;
_c30 cm.
504 _aIncludes bibliographical references.
590 _aShofi
650 _aAgronomy
650 _aPolyethyleneglycol (Peg)
650 _aGermination
650 _a Wheat
650 _a Water relations
650 _a Salt stress condition
700 _aBaque , Md. Abdullahil
_4Supervisor
700 _aHossain , H. M. M. Tariq
_4Co-Supervisor
856 _uhttp://archive.saulibrary.edu.bd:8080/xmlui/handle/123456789/589
_yOnline Access
942 _2ddc
_cTHESIS
999 _c14190
_d14189